| 000 | 00565nam a2200217 a 4500 | ||
|---|---|---|---|
| 005 | 20140310183452.0 | ||
| 008 | 061024s19uu xx 00 eng d | ||
| 020 | _a978-0-07-128769-2 | ||
| 050 |
_aHF 5549 _b.B937 2008 |
||
| 100 | _aByars, Lloyd L. | ||
| 245 | _aHuman resource management / | ||
| 250 | _a9th ed. | ||
| 260 |
_aChicago : _bIrwin, _c2008. |
||
| 300 |
_a415 p. : _bill. (some col.) ; _c30 cm. |
||
| 521 | _aBSBA | ||
| 650 | _aBSBA. | ||
| 650 | _aPersonnel management. | ||
| 700 | _aRue, Leslie W. | ||
| 942 |
_cBK _2lcc _kFOR |
||
| 999 |
_c23453 _d23453 |
||